Circular Economy as a New Managerial Approach
Podstata kruhovej ekonomiky a niektoré jej aspekty, ktoré sú považované za nevyhnutné z hospodárskeho, podnikového a sociálneho hľadiska. V nadväznosti na vyššie uvedené, snaha o prezentáciu kruhovej ekonomiky z hľadiska podnikateľskej sféry v slovenských podmienkach.
Uložené v:
| Hlavný autor: | |
|---|---|
| Ďalší autori: | |
| Médium: | Kapitola |
| Jazyk: | English |
| Predmet: | |
| Tagy: |
Žiadne tagy, Buďte prvý, kto otaguje tento záznam!
|
MARC
| LEADER | 00000nla a2200000 4500 | ||
|---|---|---|---|
| 001 | 0246997 | ||
| 005 | 20240502083659.4 | ||
| 041 | 0 | |a eng | |
| 044 | |a CZ | ||
| 245 | 1 | 0 | |a Circular Economy as a New Managerial Approach |c Eva Hanuláková, Ferdinand Daňo |
| 520 | |a Podstata kruhovej ekonomiky a niektoré jej aspekty, ktoré sú považované za nevyhnutné z hospodárskeho, podnikového a sociálneho hľadiska. V nadväznosti na vyššie uvedené, snaha o prezentáciu kruhovej ekonomiky z hľadiska podnikateľskej sféry v slovenských podmienkach. | ||
| 610 | 2 | 0 | |a rozvoj trvalo udržateľný |
| 610 | 2 | 0 | |a recyklácia odpadu |
| 610 | 2 | 0 | |a prostredie životné |
| 610 | 2 | 0 | |a efektívnosť ekonomická |
| 610 | 2 | 0 | |a ekonomika environmentálna |
| 610 | 2 | 0 | |a ekológia krajiny |
| 610 | 2 | 0 | |a prostredie podnikateľské |
| 100 | 1 | |a Hanuláková, Eva, 1964- | |
| 700 | 1 | |a Daňo, Ferdinand, 1959- | |